000 00697nam a22001817a 4500
003 UA-OsUOA
001 16243
007 ta
008 20031224b un ||||| |||| 00| 0 ukr d
100 _aСосюк Н.
942 _cSA
040 _aUA-OsUOA
_cUA-OsUOA
_dUA-OsUOA
245 _a"Не відболи в мені , гордая пісне"...
_b[Учитель - методист Рівнен. обл. ліцею , засл. учитель України Н.Сосюк розмірковує про учител. працю]
300 _aС.1
955 _a0
773 0 _w0
_tНова Волинь
_dРівне
_d2003
_g№41/2 жовт./
650 7 _aКраєзнавча робота
_2UDC
999 _c302408
_d302408